• 首页
  • 本馆介绍
  • 公告通知
  • 最新文献
  • 馆藏检索
  • 电子资源
  • 读者导购
  • 参考咨询
  • 我的图书馆
  • 登录
  • 详细信息显示
  • 放入我的书架
  • 预约/预借图书
  • 作者相关作品
  • 分类相关作品
  • 丛书相关作品
  • 出版社相关作品

书目信息

  • 表格格式
  • 工作单格式
  • 卡片格式
题名:
中国高温超导材料及应用发展战略研究
    
 
作者: 周廉 , 甘子钊 编
分册:  
出版信息: 北京   化学工业出版社  2008
页数: 153页
开本: 26cm
丛书名:
单 册:
中图分类: TM26
科图分类:
主题词: 高温超导性--超导材料--研究 , 高温超导性 , 超导材料
电子资源:
ISBN: 978-7-122-01245-6
000 01032nam0 2200277 45
001 1029909652
005 20100429093940.67
010    @a978-7-122-01245-6@dCNY60.00
100    @a20100420d2008 em y0chiy0110 ea
101 0  @achi
102    @aCN@b110000
105    @aa z 000yy
106    @ar
200 1  @a中国高温超导材料及应用发展战略研究@AZhong Guo Gao Wen Chao Dao Cai Liao Ji Ying Yong Fa Zhan Zhan Lue Yan Jiu@f周廉,甘子钊等编@FZhou Lian, Gan Zi Zhao Deng Bian
210    @a北京@c化学工业出版社@d2008
215    @a153页@c图@d26cm
300    @a中国工程院咨询项目
330    @a本书是中国工程院咨询项目“中国高温超导材料及应用发展战略研究”的研究成果汇编,对2000~2005年国内外高温超导研究进展进行了系统介绍,重点分析了我国高温超导材料及应用的现状和发展趋势等。
606 0  @a高温超导性@x超导材料@x研究
606 0  @a高温超导性
606 0  @a超导材料
690    @aTM26@v4
701  0 @a周廉@AZhou Lian@4编
701  0 @a甘子钊@AGan Zi Zhao@4编
801  0 @aCN@bTANGWEI@c20100429
905    @b0594128-32@dTM26@e19@f5
    
    中国高温超导材料及应用发展战略研究/周廉,甘子钊等编.-北京:化学工业出版社,2008
    153页:图;26cm
    中国工程院咨询项目
    
    ISBN 978-7-122-01245-6:CNY60.00
    本书是中国工程院咨询项目“中国高温超导材料及应用发展战略研究”的研究成果汇编,对2000~2005年国内外高温超导研究进展进行了系统介绍,重点分析了我国高温超导材料及应用的现状和发展趋势等。
●
相关链接 在E读中查询图书 在五车中查询图书 在当当中查询图书 在豆瓣中查询图书


正题名:中国高温超导材料及应用发展战略研究     索取号:TM26/19         预约/预借

序号 登录号 条形码 馆藏地/架位号 状态 备注
1 0594128   205941285   第二样本阅览室/ [索取号:TM26/19] 在馆    
2 0594129   205941294   第三借阅区/ [索取号:TM26/19] 在馆    
3 0594130   205941301   第三借阅区/ [索取号:TM26/19] 在馆    
4 0594131   205941310   第三借阅区/ [索取号:TM26/19] 在馆    
5 0594132   205941329   第三借阅区/ [索取号:TM26/19] 在馆    
唐山师范学院图书馆 欢迎您!
大连网信软件有限公司© 版权所有